00708nam a2200205 i 4500001000700000003000900007007000300016008004100019100001900060245015400079250001200233260003300245300002200278490004400300700002700344700003100371700002400402830004400426852003200470134082ES-MaACLt|070905s1977 sp ||||1| spa d1 aWarring, R. H.10aSelección de bombas b: sistemas y aplicaciones / cR. H. Warring ; traducción Ramón Berga Rosell, Alberto Oliart Furrellat, Luis Virto Albert. a1ª ed. aBarcelona : bLabor, c1977. a362 p. ; c20 cm.1 aNuevos manuales técnicos Labor ; v271 aBerga Rosell, Ramón.1 aOliart Furrellat, Alberto.1 aVirto Albert, Luis.0 aNuevos manuales técnicos Labor ; v27 aES-MaACLjL-9993 bR.112150